| 000 | 00605nam a2200229Ia 4500 | ||
|---|---|---|---|
| 003 | OSt | ||
| 005 | 20220918192926.0 | ||
| 006 | a|||||r|||| 00| 0 | ||
| 007 | ta | ||
| 008 | 220917b |||||||| |||| 00| 0 eng d | ||
| 024 | _a71,074 | ||
| 037 | _cTextual | ||
| 040 |
_aARTS _cARTS _beng |
||
| 041 |
_2eng _aeng |
||
| 082 | _aR4, J51;K9 | ||
| 100 |
_aMandelbaum Maurice _977556 |
||
| 245 | 0 | _aPhenomenology of moral experience | |
| 260 |
_aBaltimore _bJohn Hopkins Press _c1969 |
||
| 650 | _aETHICS | ||
| 942 |
_hR4, J51;K9 _cTEXL _2CC |
||
| 999 |
_c197153 _d197153 |
||